=LDR 00000nam 2200000 4500 =001 INLIS000000000040234 =005 20200226070437 =035 ##$$a 0010-061300000040234 =008 200226################g##########0#ind## =041 ##$$a ind =082 ##$$a 155.22 =090 ##$$a 155.22, Clo, i =100 ##$$a Cloud, Henry =245 1#$$a Integritas : $b keberanian memenuhi tuntutan kenyataan /$c Dr. Henry Cloud =260 ##$$a Jakarta :$b Gramedia,$c 2007 =300 ##$$a xii, 287 hlm. ; $c 15x23 cm. =850 ##$$a NBPNMAT =020 ##$$a 978-979-22-2754-3 =084 ##$$a 155.22 CLO i =650 #4$$a Watak =990 ##$$a 21106555 =990 ##$$a 21106556 =990 ##$$a 21106554